00516nam a2200109Ia 4500008004100000100002100041245014800062260007600210650002700286999001900313952007400332160725s9999 xx 000 0 und d aIgnacio, Aris E. 2aA verification of the student outcomes in the BSIT program using the implementation of the SISC alumni tracer for BSN as a basis of evaluation. bKaizen Research Journal College of Information TechnologycJanuary 2014 aINFORMATION TECHNOLOGY c298007d298007 001040aAbAcARd2016-07-25l0r2016-07-25 00:00:00w2016-07-25ySV